Higher transcendental functions /

Guardado en:
Autores Corporativos: Bateman Manuscript Project., United States. Office of Naval Research.
Otros Autores: Bateman, Harry, 1882-1946., Erdélyi, Arthur. (Editor )
Formato: Libro
Idioma:English
Publicado: New York : McGraw-Hill, 1953-1955.
Etiquetas: Agregar Etiqueta
Sin Etiquetas, Sea el primero en etiquetar este registro!
LEADER 01099nam a22002175a 4500
001 MAT.inmabb000285
008 730522m19531955nyua#####b####001#0#eng##
005 20110224133807.0
245 1 0 |a Higher transcendental functions /  |c based, in part, on notes left by Harry Bateman, and compiled by the staff of the Bateman Manuscript Project ; [A. Erdélyi, editor. W. Magnus, F. Oberhettinger, F.G. Tricomi, research associates]. 
260 |a New York :  |b McGraw-Hill,  |c 1953-1955. 
300 |a 3 v. ;  |c 24 cm. 
500 |a "Prepared at the California Institute of Technology under contract no. N6onr-244, task order XIV, with the Office of Naval Research. Project designation number: NR 043-045." 
504 |a Incluye referencias bibliográficas e índices. 
110 2 |a Bateman Manuscript Project. 
700 1 |a Bateman, Harry,  |d 1882-1946. 
700 1 |a Erdélyi, Arthur.  |4 edt 
710 1 |a United States.  |b Office of Naval Research. 
084 |a 33-02  |2 msc2000 
859 |h 33  |i B328  |p A-8  |3 v. 1  |b BIB. MATEMATICA 
859 |h 33  |i B328  |p A-9  |3 v. 2  |b BIB. MATEMATICA 
859 |h 33  |i B328  |p A-10  |3 v. 3  |b BIB. MATEMATICA